00742nam a2200145Ia 4500008004100000020001800041100002600059245008900085260003900174650001200213650021900225856004500444999001900489952008800508171212s9999 xx 000 0 und d a9780874218091 aFrancaviglia, Richard cFrancaviglia, RichardaGo East, Young ManbImagining the American West as the Orient bUniversity Press of Coloradoc2011 aHistory aWest (U.S.) -- Civilization; Orientalism -- West (U.S.) -- History; United States -- Civilization -- Asian influences; Asia -- Foreign public opinion, American; United States -- Territorial expansion; East and West uwww.jstor.org/stable/10.2307/j.ctt4cgphg c353076d353076 001040aCLbCLd2017-12-12l0oF591.F76 2011r2017-12-12 00:00:00w2017-12-12yCBE